[Event "ISR-chT 2019"]
[Site "Israel"]
[Date "2019.01.04"]
[Round "1"]
[White "Tifferet, Shaked"]
[Black "Bakalchuk, Johnatan"]
[Result "0-1"]
[WhiteElo "2243"]
[BlackElo "2456"]
[Annotator "ChessBase"]
[PlyCount "120"]
[EventDate "2019.01.04"]
[EventType "team-tourn"]
[EventCountry "ISR"]
[SourceTitle "playchess.com"]
[Source "ChessBase"]
[SourceQuality "1"]
[TimeControl "40/5400+30:1800+30"]

1. e4 {[%emt 0:00:00]} c5 {[%emt 0:00:00]} 2. Nf3 {[%emt 0:00:00]} g6 {[%emt 0:00:00]} 3. c4 {[%emt 0:00:00]} Bg7 {[%emt 0:00:48]} 4. d4 {[%emt 0:00:03]} cxd4 {[%emt 0:01:30]} 5. Nxd4 {[%emt 0:00:08]} Nc6 {[%emt 0:00:04]} 6. Be3 {[%emt 0:00:07]} Qb6 {[%emt 0:05:52]} 7. Nb3 {[%emt 0:00:47]} Qd8 {[%emt 0:00:01]} 8. Qd2 {[%emt 0:00:13]} Nf6 {[%emt 0:00:11]} 9. f3 {[%emt 0:00:05]} O-O {[%emt 0:00:04]} 10. Nc3 {[%emt 0:00:13]} d6 {[%emt 0:00:05]} 11. Be2 {[%emt 0:00:07]} a5 {[%emt 0:01:39]} 12. Nd4 {[%emt 0:00:12]} Nxd4 {[%emt 0:02:03]} 13. Bxd4 {[%emt 0:00:03]} a4 {[%emt 0:04:49]} 14. O-O {[%emt 0:27:44]} Qa5 {[%emt 0:01:21]} 15. Rad1 {[%emt 0:11:02]} Be6 {[%emt 0:02:09]} 16. Nd5 Bxd5 17. exd5 {[%emt 0:17:28]} Nd7 {[%emt 0:07:25]} 18. Bxg7 {[%emt 0:02:16]} Qxd2 {[%emt 0:06:39]} 19. Rxd2 {[%emt 0:01:18]} Kxg7 {[%emt 0:00:01]} 20. Re1 {[%emt 0:01:47]} Nc5 {[%emt 0:06:38]} 21. Bf1 {[%emt 0:05:05]} Rfe8 {[%emt 0:00:38]} 22. Kf2 {[%emt 0:00:17]} Ra6 {[%emt 0:04:45]} 23. Re3 {[%emt 0:01:49]} Rb6 {[%emt 0:18:18]} 24. Ke1 {[%emt 0:01:28]} e5 {[%emt 0:02:28]} 25. dxe6 {[%emt 0:00:38]} fxe6 {[%emt 0:10:16]} 26. f4 {[%emt 0:00:26]} Ra8 {[%emt 0:02:17]} 27. g3 {[%emt 0:12:37]} a3 {[%emt 0:01:19]} 28. Rxa3 {[%emt 0:00:08]} Rxa3 {[%emt 0:00:24]} 29. bxa3 {[%emt 0:00:01]} Ra6 {[%emt 0:04:45]} 30. Bg2 {[%emt 0:05:22]} Kf6 {[%emt 0:00:42]} 31. Ke2 {[%emt 0:02:29]} h6 {[%emt 0:06:57]} 32. Bf3 {[%emt 0:07:35]} g5 {[%emt 0:01:25]} 33. fxg5+ {[%emt 0:00:14]} hxg5 {[%emt 0:00:35]} 34. h4 {[%emt 0:00:49]} gxh4 {[%emt 0:01:47]} 35. gxh4 {[%emt 0:00:01]} e5 {[%emt 0:01:30]} 36. Bd5 {[%emt 0:02:51]} Rxa3 {[%emt 0:01:12]} 37. Rb2 {[%emt 0:00:01]} e4 {[%emt 0:01:26]} 38. Bxb7 {[%emt 0:00:33]} Ke5 {[%emt 0:02:25]} 39. Bc8 {[%emt 0:02:20]} Ra8 {[%emt 0:03:12]} 40. Bh3 {[%emt 0:00:32]} Kd4 {[%emt 0:01:47]} 41. Rd2+ {[%emt 0:06:30]} Nd3 {[%emt 0:01:46]} 42. Bf5 {[%emt 0:00:30]} Rf8 {[%emt 0:05:40]} 43. Bg6 {[%emt 0:18:34]} Rf2+ {[%emt 0:01:18]} 44. Kd1 {[%emt 0:00:06]} Rf1+ {[%emt 0:00:28]} 45. Kc2 {[%emt 0:00:05]} Rc1+ {[%emt 0:00:21]} 46. Kb3 {[%emt 0:00:06]} Rc3+ {[%emt 0:00:42]} 47. Ka4 {[%emt 0:00:06]} e3 {[%emt 0:04:58]} 48. Rh2 {[%emt 0:08:33]} Rxc4+ {[%emt 0:03:55]} 49. Kb5 {[%emt 0:00:21]} Rc5+ {[%emt 0:00:47]} 50. Kb6 {[%emt 0:00:23]} Nf2 {[%emt 0:02:35]} 51. Rg2 {[%emt 0:00:53]} e2 {[%emt 0:02:35]} 52. Rg1 {[%emt 0:00:02]} Nh3 {[%emt 0:03:13]} 53. Rb1 {[%emt 0:01:00]} Nf4 {[%emt 0:00:56]} 54. h5 {[%emt 0:00:30]} Nxg6 {[%emt 0:01:14]} 55. hxg6 {[%emt 0:00:03]} Rg5 {[%emt 0:00:17]} 56. a4 {[%emt 0:00:48]} Rxg6 {[%emt 0:00:10]} 57. a5 {[%emt 0:00:10]} d5+ {[%emt 0:00:13]} 58. Kb5 {[%emt 0:00:46]} Kc3 {[%emt 0:00:39]} 59. Kc5 {[%emt 0:00:44]} d4 {[%emt 0:00:01]} 60. Rc1+ {[%emt 0:00:29]} Kd2 {[%emt 0:00:14]} 0-1

[Event "ISR-chT 2019"]
[Site "Israel"]
[Date "2019.01.04"]
[Round "1"]
[White "Poleg, Matan"]
[Black "Zifroni, Dov"]
[Result "0-1"]
[WhiteElo "2205"]
[BlackElo "2442"]
[Annotator "TA"]
[PlyCount "70"]
[EventDate "2019.01.04"]
[EventType "team-tourn"]
[EventCountry "ISR"]
[SourceTitle "playchess.com"]
[Source "ChessBase"]
[SourceQuality "1"]

{[%evp 17,70,6,14,-36,0,-59,-56,-67,-56,-67,-56,-110,-111,-115,-100,-117,-97,-109,-100,-89,-69,-75,-79,-122,-70,-61,-69,-73,-69,-117,-122,-117,-112,-108,-121,-112,-100,-97,-97,-103,-116,-149,-138,-138,-136,-168,-175,-284,-279,-1177,-1197,-6110,-6103,-29982,-29983]} 1. d4 Nf6 2. c4 e6 3. Nf3 d5 4. Nc3 Be7 5. Bg5 h6 6. Bxf6 Bxf6 7. e3 O-O 8. Qd2 dxc4 9. Bxc4 Nd7 {LiveBook: 27 Games} 10. O-O-O {D55: Queen's Gambit Declined: 4 Bg5 Be7: Lines without ...h6 and 6...h6 7 Bxf6} a6 11. g4 $146 (11. Qc2 $11) ({Predecessor:} 11. h4 b5 12. Bd3 Bb7 13. Ne4 Be7 14. Bc2 c5 15. dxc5 Nxc5 16. Nxc5 Qxd2+ 17. Nxd2 Bxc5 18. Be4 {½-½ (18) Finegold,B (2475)-Lputian,S (2590) Las Vegas 1994}) 11... b5 $15 12. Bd3 {Black is slightly better.} Bb7 13. Be4 Qb8 {Threatens to win with ...b4.} 14. Qd3 (14. Qc2 $1 $15) 14... b4 $36 {[%mdl 2048] White is under strong pressure.} 15. Ne2 Rd8 16. Bxb7 Qxb7 17. Nd2 c5 18. h4 cxd4 19. exd4 Qd5 20. Kb1 {[#]} Nc5 $1 {[%mdl 512]} 21. Qc2 $1 $15 (21. dxc5 Qxd3+) 21... Bxd4 22. Nc4 Qf3 23. Nb6 {[#]} Rab8 $1 {[%cal Rb8b6]} ({Reject} 23... Bxf2 $6 24. Nxa8 Qxa8 25. Rxd8+ Qxd8 26. h5 $11) 24. Nxd4 Rxd4 25. Rxd4 Qxh1+ {[%mdl 64] Double Attack} 26. Rd1 Qe4 27. Nd7 Qxc2+ 28. Kxc2 Rc8 {And now ...Nxd7+ would win.} 29. Nxc5 Rxc5+ $17 {[%mdl 4096] Endgame KR-KR} 30. Kb3 a5 31. Rd7 h5 32. f3 (32. gxh5 $142 Rf5 33. Rd2) 32... Rd5 $19 33. Rxd5 $2 (33. Rc7) 33... exd5 34. a3 bxa3 35. bxa3 {[#]} g5 $1 {[%mdl 512] Accuracy: White = 38%, Black = 89%.} 0-1

[Event "ISR-chT 2019"]
[Site "Israel"]
[Date "2019.02.08"]
[Round "3.1"]
[White "Shvidler, Eliahu"]
[Black "Erenberg, Ariel"]
[Result "0-1"]
[WhiteElo "2357"]
[BlackElo "2396"]
[Annotator "TA"]
[PlyCount "122"]
[EventDate "2019.01.04"]
[EventType "team-tourn"]
[EventCountry "ISR"]
[SourceTitle "playchess.com"]
[Source "ChessBase"]
[SourceQuality "1"]

{[%evp 9,122,18,24,-1,-5,0,0,-2,11,-19,-7,-67,-20,-12,-19,-11,-10,-14,-13,-42,-43,-54,-46,-127,-20,-51,-34,-48,-18,-66,-53,-74,-109,-53,-20,-19,-18,-24,-17,-23,-18,-25,-15,-27,-20,-30,-22,-47,-37,-54,-55,-75,-71,-74,-68,-69,-45,-93,-75,-68,-10,-12,-4,-10,0,-79,-70,-91,-62,-75,-61,-125,-126,-126,-127,-119,-118,-127,-120,-119,-112,-140,-133,-136,-136,-145,-120,-126,-107,-140,-99,-92,-53,-94,-81,-151,-124,-125,-127,-161,-102,-615,-599,-1025,-1038,-1007,-954,-3786,-2740,-29968,-29973,-29983,-29984,-29984,-29985]} 1. Nf3 Nf6 2. g3 b5 3. Bg2 Bb7 4. O-O e6 5. d3 Be7 6. b3 {A05: Réti Opening: 1 Nf3 Nf6} (6. e4 d6 7. Nfd2 e5 8. a4 a6 9. Nc3 c6 10. f4 Nbd7 11. Nf3 O-O 12. h3 Qc7 13. g4 Ne8 14. Ne2 exf4 15. Bxf4 {0-1 (45) Grischuk,A (2771)-Maghsoodloo,P (2688) St Petersburg 2018}) 6... d5 7. Bb2 O-O 8. e4 {The position is equal.} c5 9. Nc3 $146 ({Predecessor:} 9. e5 Nfd7 10. Nbd2 Qc7 11. c4 bxc4 12. dxc4 d4 13. Re1 Nc6 14. Qe2 Nb4 {0-1 (51) Bezgodova,S (2055)-Sadvakasov,D (2405) Perm 1997}) 9... b4 10. Ne2 (10. Na4 $11) 10... Nc6 11. exd5 Nxd5 12. Nd2 Bf6 13. Bxf6 Qxf6 14. Ne4 Qe7 15. c4 bxc3 16. Rc1 ({White should try} 16. N2xc3 $15 Nd4 17. Nxd5 Bxd5 18. Rc1) 16... Rac8 (16... Rad8 $17 {...Ndb4 is the strong threat.} 17. N4xc3 Ndb4) 17. N4xc3 Nxc3 18. Rxc3 Ne5 19. f4 Bxg2 20. Kxg2 Qb7+ 21. Kh3 Nf3 {Strongly threatening ...f5.} 22. d4 Nxd4 23. Nxd4 cxd4 24. Qxd4 Rcd8 25. Qe3 Rd5 26. Qf3 Qd7 27. Rf2 Rd8 28. Kg2 h5 29. Re3 g6 30. Rfe2 Rd1 31. Rf2 Qd4 32. Qe4 Qa1 33. Ref3 R8d5 34. Qc2 Rc1 ({Better is} 34... Qd4 $15) 35. Qb2 $11 Rg1+ 36. Kh3 Qe1 37. Qe2 (37. Rc3 $11 {keeps the balance.} Rd8 38. Rc7) 37... Qa5 $17 38. Rd3 Qb5 39. Re3 Qc5 $40 {[%mdl 128] Threatens to win with ...Rd2! White needs to defend precisely.} 40. Ref3 {[#]} (40. Qf3 $15) 40... Rd2 $1 {[%mdl 512] ( -> ...Qf5+)} 41. Qe5 {[#]} (41. Qxd2 Qf5+) 41... Qxe5 $1 42. fxe5 Rxf2 43. Rxf2 {[%mdl 4096] Endgame KR-KR} Re1 44. Rb2 a5 45. a3 Rxe5 46. b4 Rb5 47. Kg2 Kf8 48. Kf3 Ke7 49. Ke3 axb4 50. axb4 Rd5 51. Ra2 g5 52. h4 (52. Rb2 $142) 52... gxh4 53. gxh4 Kd6 54. Rf2 f5 ({Black should play} 54... Re5+ $19 55. Kd3 f5) 55. Kf4 $2 {[%mdl 8192]} (55. Rb2 $17) 55... Rd4+ $19 56. Kg5 Rxb4 57. Kxh5 Rg4 58. Rh2 e5 59. Kh6 f4 {Black mates.} 60. h5 f3 61. Ra2 e4 {Accuracy: White = 25%, Black = 57%.} 0-1

[Event "ISR-chT 2019"]
[Site "Israel"]
[Date "2019.02.08"]
[Round "3.2"]
[White "Finkel, Alexander"]
[Black "Soffer, Ram"]
[Result "1/2-1/2"]
[WhiteElo "2453"]
[BlackElo "2477"]
[Annotator "TA"]
[PlyCount "143"]
[EventDate "2019.01.04"]
[EventType "team-tourn"]
[EventCountry "ISR"]
[SourceTitle "playchess.com"]
[Source "ChessBase"]
[SourceQuality "1"]

{[%evp 10,143,31,22,31,0,41,33,48,39,49,16,13,13,13,18,15,9,11,12,53,45,49,26,35,10,20,0,39,29,80,81,69,71,77,64,63,57,115,120,193,194,172,190,185,89,70,85,72,0,0,0,4,1,4,0,0,0,0,0,10,0,0,0,0,0,1,1,2,0,0,0,0,0,10,10,10,10,10,10,11,11,16,19,109,8,8,8,8,8,8,8,8,8,8,8,8,8,8,8,9,11,81,81,81,81,81,81,81,81,81,81,81,81,81,81,81,8,136,136,316,8,8,8,29,8,8,8,8,5,5,0,8,8,8,0]} 1. e4 c6 2. Nc3 d5 3. Nf3 dxe4 4. Nxe4 Nf6 5. Qe2 Nxe4 6. Qxe4 Qd5 {B11: Caro-Kann: Two Knights Variation} 7. Qh4 Bf5 8. Bc4 Qd6 {White is slightly better.} 9. d3 e6 10. O-O (10. Bf4 {is more complex.} Qe7 11. Qg3 Nd7 12. O-O Nf6 13. Be5) 10... Be7 11. Bg5 Bxg5 12. Qxg5 Bg6 $146 ({Predecessor:} 12... O-O 13. Nh4 Bg6 14. Nxg6 hxg6 {0-1 (56) Supi,L (2548)-Howell,D (2689) Batumi 2018}) 13. Rae1 Nd7 14. Re3 {Threatening Rfe1.} Nf6 15. Rfe1 $36 {[%cal Re3e6][%mdl 2048] White has the initiative.} O-O-O 16. d4 Kb8 17. Qa5 Qc7 ({Reject} 17... Bxc2 $6 18. Ra3 $16) 18. Qa4 Nd5 19. Ra3 b5 (19... a6 $1 $11) 20. Qb3 $16 Nb6 21. Bf1 Rd6 22. c3 Rhd8 23. Ne5 Nd7 (23... Bf5 $14) 24. c4 Rxd4 (24... Nxe5 $16 25. dxe5 Rd4) 25. cxb5 $18 Nxe5 26. bxc6+ {[%mdl 64] Discovered Attack} Qb6 {[#]} 27. Rxe5 (27. Qg3 $1 $18 f6 28. Rxe5 fxe5 29. Rb3) 27... Qxb3 $16 28. Rxb3+ Kc7 29. Rc3 (29. Rc5 $16 {aiming for Rb7+.} Rd1 30. Rb7+ {[%mdl 64] Double Attack} Kc8 31. g4 (31. Rxa7 Bd3 $11)) 29... R8d5 30. Re1 Rb4 31. b3 Rd6 32. Rec1 Rb6 33. f3 Rbxc6 34. Kf2 f6 (34... Rxc3 {looks sharper.} 35. Rxc3+ Kb6 36. Ke2 e5 37. g3 a5) 35. Rxc6+ Rxc6 36. Rxc6+ Kxc6 $11 {[%mdl 4096] Endgame KB-KB} 37. b4 Kb6 38. Ke3 Be8 39. Bc4 e5 40. Bd3 h6 41. f4 exf4+ 42. Kxf4 Bd7 43. g3 Kc7 44. Ke4 Kd6 45. Kd4 g5 46. Bc2 h5 {[#]} (46... Bh3 $11) 47. a4 (47. h4 $1 $16) 47... h4 48. gxh4 gxh4 49. a5 Bc6 50. Bd3 Bg2 51. Bb5 Bb7 52. Be2 Bg2 53. Ke3 Ke5 54. b5 Kd6 $1 55. Kf4 Kc5 (55... Bh3 $1 $11) 56. Kg4 h3 57. Kf5 Kb4 58. a6 ({Don't play} 58. Kxf6 $6 Kxa5 59. Ke5 Ka4 $11) 58... Kc5 59. Kxf6 Kb6 60. Kg5 Kc5 61. Kh4 Kb6 62. Kg3 Kc5 63. Bg4 (63. Bd3 $16) 63... Kxb5 (63... Bf1 $1 $11 {remains equal.}) 64. Bxh3 $16 Bd5 $2 (64... Bc6 $16) 65. Bc8 $2 (65. Bf1+ $18 Kc5 66. Kf4) 65... Kc5 $1 $11 66. Kf4 Kd6 $1 67. h4 {Black must now prevent h5.} Bf7 {The position is equal.} 68. Kg5 {Hoping for h5.} Ke7 $1 69. Bf5 {Threatens to win with Bd3.} Bc4 70. Bc8 {And now h5 would win.} Bf7 71. Kf5 {Ke5 is the strong threat.} Bh5 72. Kg5 {Accuracy: White = 50%, Black = 64%.} 1/2-1/2

[Event "ISR-chT 2019"]
[Site "Israel"]
[Date "2019.02.08"]
[Round "3.3"]
[White "Kundin, Alexander"]
[Black "Zilberman, Yaacov"]
[Result "1/2-1/2"]
[WhiteElo "2311"]
[BlackElo "2334"]
[Annotator "NA"]
[PlyCount "49"]
[EventDate "2019.01.04"]
[EventType "team-tourn"]
[EventCountry "ISR"]
[SourceTitle "playchess.com"]
[Source "ChessBase"]
[SourceQuality "1"]
[TimeControl "40/5400+30:1800+30"]

1. e4 {[%emt 0:04:45]} e5 {[%emt 0:00:00]} 2. Nf3 {[%emt 0:00:13]} Nc6 {[%emt 0:00:00]} 3. Bb5 {[%emt 0:00:09]} a6 {[%emt 0:00:03]} 4. Ba4 {[%emt 0:00:06]} d6 {[%emt 1:31:57]} 5. O-O Bd7 {[%emt 0:00:30]} 6. c3 {[%emt 0:15:06]} Nge7 {[%emt 0:00:00]} 7. d4 {[%emt 0:01:15]} Ng6 {[%emt 0:00:00]} 8. d5 {[%emt 0:01:20]} Nb8 {[%emt 0:00:00]} 9. c4 {[%emt 0:00:14]} Be7 {[%emt 0:00:00]} 10. Nc3 {[%emt 0:00:13]} O-O {[%emt 0:00:00]} 11. Bxd7 {[%emt 0:02:36]} Nxd7 {[%emt 0:00:00]} 12. Be3 {[%emt 0:02:08]} h6 {[%emt 0:00:00]} 13. b4 {[%emt 0:16:32]} Nh4 {[%emt 0:00:00]} 14. Nxh4 {[%emt 0:06:38]} Bxh4 {[%emt 0:00:00]} 15. c5 {[%emt 0:07:35]} Bg5 {[%emt 0:00:00]} 16. Bxg5 {[%emt 0:05:29]} Qxg5 {[%emt 0:00:00]} 17. c6 {[%emt 0:00:13]} Nf6 {[%emt 0:00:00]} 18. cxb7 {[%emt 0:04:46]} Ra7 {[%emt 0:00:00]} 19. Qd3 {[%emt 0:01:33]} Rb8 {[%emt 0:00:00]} 20. b5 {[%emt 0:04:31]} axb5 {[%emt 0:00:00]} 21. Nxb5 {[%emt 0:04:30]} Raxb7 {[%emt 0:00:00]} 22. a4 {[%emt 0:01:11]} Nd7 {[%emt 0:00:00]} 23. Rfb1 {[%emt 0:03:25]} Nc5 {[%emt 0:00:00]} 24. Qc2 {[%emt 0:01:06]} Qd8 {[%emt 0:00:00]} 25. Rb2 $11 {[%emt 0:07:48]} 1/2-1/2

[Event "ISR-chT 2019"]
[Site "Israel"]
[Date "2019.02.08"]
[Round "3.4"]
[White "Shachar, Ehud"]
[Black "Aharonovich, Itamar"]
[Result "0-1"]
[WhiteElo "2391"]
[BlackElo "2299"]
[Annotator "TA"]
[PlyCount "106"]
[EventDate "2019.01.04"]
[EventType "team-tourn"]
[EventCountry "ISR"]
[SourceTitle "playchess.com"]
[Source "ChessBase"]
[SourceQuality "1"]

{[%evp 16,106,0,0,48,28,16,12,8,8,72,0,50,27,69,34,36,14,33,-78,-89,-98,-94,-86,-79,-79,-79,-79,-86,-89,-92,-97,-100,-139,-125,-129,-102,-114,-99,-129,-100,-150,-152,-171,-133,-186,-180,-259,-265,-301,-298,-471,-480,-471,-462,-471,-467,-487,-366,-461,-445,-669,-668,-653,-636,-774,-762,-5327,-1133,-1073,-1038,-1438,-1219,-1009,-424,-410,-374,-1352,-1017,-29947,-1945,-1501,-1573,-996,-1017,-5081,-5061,-29979,-29980,-29979,-29980,-29980,-29980]} 1. e4 c5 2. Nf3 e6 3. d3 Nc6 4. g3 Nf6 5. Bg2 d5 6. Qe2 Be7 7. O-O O-O 8. e5 Nd7 9. c4 b5 {C00: French: Unusual White 2nd moves} (9... d4 10. Re1 Rb8 11. h4 b5 12. cxb5 Rxb5 13. Na3 Rb8 14. Nc4 Nb6 15. b3 Nxc4 16. bxc4 Rb6 17. Ng5 {1-0 (32) Carlsen,M (2837)-Ding,L (2774) Saint Louis 2017}) 10. cxd5 exd5 11. Nc3 Nb6 {The position is equal.} 12. Nxb5 Ba6 (12... a6 $11 {keeps the balance.} 13. Na3 Bg4) 13. Na3 (13. a4 $16) 13... c4 14. d4 {[#]} Nb4 $146 ({Predecessor:} 14... Bxa3 15. bxa3 Bc8 16. Be3 Bf5 17. Ne1 {0-1 (60) Bocharov,D (2583)-Yudin,S (2513) Khanty-Mansiysk 2017}) 15. Rd1 Na4 16. Qe3 Nd3 17. Qd2 (17. b3 $14 {stays ahead.} Nc3 18. Rd2) 17... Rb8 $17 {[%cal Rd3b2]} 18. b3 c3 19. Qe3 Nab2 20. Rxd3 Nxd3 21. Nc2 Qa5 22. Nfe1 Nxe1 $1 23. Qxe1 Bd3 24. Ne3 Rfd8 25. h4 Bg6 $36 {[%mdl 2048] Black is really pushing.} 26. f4 {Strongly threatening f5.} Bd3 27. Qd1 Be4 28. Nc2 Qa6 29. Be3 f6 30. exf6 (30. Bxe4 $17 dxe4 31. h5) 30... Bxf6 $19 31. Bf1 (31. Bxe4 $142 dxe4 32. Kf2) 31... Qe6 32. Bf2 {[#]} Bxh4 $1 {[%mdl 512] ...Qg6 is the strong threat.} 33. gxh4 (33. Bd3 $142) 33... Qg6+ 34. Kh2 Bxc2 35. Qf3 Rbc8 36. h5 Qe4 37. Qg3 Rf8 38. Rc1 (38. Bh3 $142 Rc6 39. Be3) 38... Rf5 39. Bh3 Rxh5 40. Kg1 Rc6 41. Bg2 {[#]} Qf5 (41... Rg6 $142 $1 42. Bxe4 Bxe4) 42. Qe3 Be4 43. Rxc3 Qg4 {[%csl Ge4][%cal Rg4g2]} 44. Bg3 Rhh6 (44... Rch6 $142 {White must now prevent ...Rh1+!} 45. Qe1 Rh1+ $1 {[%mdl 576] X-Ray Attack} 46. Bxh1 Rxh1+ 47. Kf2 Rxe1 48. Kxe1 h5) 45. Bxe4 dxe4 {[#]} 46. Rc5 $2 (46. Qxe4 $1 {[%mdl 512]} Qd1+ 47. Kf2) 46... Rcg6 {Threatens to win with ...Rh3.} 47. Kg2 {[#]} Rh3 (47... Rh1 $142 $1 {[%mdl 512]} 48. Kxh1 Qh3+ 49. Kg1 Rxg3+ 50. Qxg3 Qxg3+ 51. Kf1 Qd3+ 52. Kg2 Qf3+ 53. Kh2 Qxf4+ 54. Kh3 e3 55. Kg2 Qf2+ 56. Kh1 Qf1+ 57. Kh2 e2 58. Re5 Qf2+ 59. Kh3 Qxd4 60. Re7 Qf6 61. Re8+ Kf7 62. Rxe2 Qf3+ {[%mdl 64] Double Attack} 63. Kh2 Qxe2+ 64. Kg3 h5 65. Kf4 {[#]} g5+ $1 {[%mdl 512]} 66. Kg3 h4+ 67. Kh3 Qf3+ 68. Kh2 h3 69. Kg1 Qg2#) 48. Rg5 Rxg5 49. fxg5 h5 {( -> ...h4)} 50. gxh6 Rxh6 51. b4 Qh3+ {Black mates.} 52. Kf2 Rf6+ 53. Ke1 Rf3 {[%mdl 64] Double Attack. Accuracy: White = 36%, Black = 58%.} 0-1

[Event "ISR-chT 2019"]
[Site "Israel"]
[Date "2019.02.08"]
[Round "3.5"]
[White "Kreizberg, Michael"]
[Black "Aharon, Ofir"]
[Result "0-1"]
[WhiteElo "2297"]
[BlackElo "2310"]
[Annotator "TA"]
[PlyCount "144"]
[EventDate "2019.01.04"]
[EventType "team-tourn"]
[EventCountry "ISR"]
[SourceTitle "playchess.com"]
[Source "ChessBase"]
[SourceQuality "1"]

{[%evp 12,144,-5,-4,-6,-8,0,-12,-16,-81,-69,-58,-71,-152,-174,-218,-260,-235,-261,-239,-200,-370,-341,-333,-173,-168,-98,-98,-85,-101,-100,-98,-103,-93,-103,-91,-100,-97,-91,-90,-110,-204,-194,-197,-208,-202,-199,-207,-194,-197,-205,-172,-171,-208,-208,-239,-234,-251,-251,-372,-372,-341,-285,-285,-284,-285,-285,-285,-285,-322,-285,-317,-317,-317,-317,-307,-314,-317,-296,-359,-352,-307,-272,-328,-318,-4133,-268,-533,-528,-509,-507,-415,-415,-527,-466,-522,-493,-589,-589,-584,-542,-508,-210,-210,-209,-210,-210,-188,-181,-181,-181,-181,-181,-181,-180,-173,-173,-173,-173,-159,-20,-20,-12,-12,-12,-12,-12,-12,-12,-12,-12,-29984,-29985,-29992,-29993]} 1. d4 Nf6 2. c4 g6 3. Nc3 d5 4. Nf3 Bg7 5. Qa4+ Bd7 6. Qb3 dxc4 7. Qxc4 O-O {D90: Grünfeld: 4 Nf3 Bg7 sidelines} 8. Bg5 (8. Bf4 c6 9. e4 b5 10. Qd3 c5 11. e5 Nh5 12. Bg5 cxd4 13. Qxd4 Nc6 14. Qe3 b4 15. Nd5 {½-½ (54) Mamedyarov,S (2746)-Caruana,F (2804) Shamkir 2016}) 8... Na6 9. e3 $146 ({Predecessor:} 9. e4 c5 10. Rd1 b5 11. Qe2 Qa5 12. Nd2 Qb6 13. dxc5 Nxc5 14. f3 Rfc8 15. e5 {½-½ (45) Au Cardero,R (2366)-Schakel,C (2351) ICCF email 2014}) 9... c5 {The position is equal.} 10. dxc5 (10. Be2 $11 {keeps the balance.}) 10... Rc8 $17 11. Be2 Nxc5 12. Qb4 (12. O-O $142) 12... a5 $1 {[%cal Ra5b4]} 13. Qa3 {[#]} b5 $1 {[%cal Rb5b4][%mdl 512]} 14. Nxb5 Bxb5 15. Bxb5 Qb6 16. Be2 $2 (16. Bc4 Nfe4 17. O-O) 16... Nd5 17. Nd4 e5 (17... Ne4 $2 18. Bf3 $19 (18. Bxe7 $2 Bxd4 19. exd4 Nxe7 $19)) (17... Ne6 $142 18. Qb3 (18. Nxe6 $2 Bxb2 19. Qb3 Bc3+ 20. Kf1 Bxa1 $19) 18... Qxb3 19. axb3 Nxg5) 18. Nb3 $19 Ne6 (18... Ne4 $19 {Strongly threatening ...a4.} 19. h4 h6 20. Qxa5 Qxa5+ 21. Nxa5 hxg5 22. hxg5 Nb4) 19. Bh4 $17 Nb4 {Threatens to win with ...Nc2+.} 20. O-O Nc2 {[%mdl 64] Double Attack} 21. Qxa5 Qxa5 22. Nxa5 {Hoping for Rac1.} Nxa1 23. Rxa1 Rc2 $36 {[%mdl 2048] Black is on the roll.} 24. Bf1 Rxb2 25. Nc4 Rc2 26. e4 {[#]} (26. g4 $17 {might work better.}) 26... Rc8 $1 $19 27. Ne3 Rc1 28. Rxc1 Rxc1 29. Be7 Ra1 30. a3 Nd4 31. g3 Nc6 32. Bd6 Bf8 33. Bxf8 Kxf8 {[%mdl 4096] Endgame KRN-KBN} 34. Nc2 Ra2 35. Bd3 (35. Ne3 $142) 35... Nd4 36. Ne3 Rxa3 37. Bc4 Ra4 38. Bd5 Ne2+ 39. Kg2 Nc3 40. Bc6 Ra6 41. Bb7 Rb6 42. Ba8 Rb4 43. Kf3 Rb8 44. Bc6 Ke7 45. Nd5+ Nxd5 46. Bxd5 {KR-KB} Rb2 47. h4 Rd2 48. Ke3 $2 (48. Bc4) 48... Rc2 $2 (48... Rxd5 49. exd5 Kd6) 49. Ba8 $2 (49. Kf3 {is the only way for White.}) 49... Kd6 50. Bd5 Rc3+ 51. Kd2 Rc7 52. Kd3 Ra7 53. Ke3 Kc5 54. Kd3 f5 55. Bg8 f4 56. gxf4 exf4 (56... Ra3+ $142 57. Kd2 exf4 58. Bxh7 Kd4 59. Bxg6 Ra2+ 60. Ke1 f3) 57. e5 Rg7 58. Ba2 Rd7+ 59. Ke4 Rd4+ 60. Kf3 Kc6 61. Bg8 h6 62. Bf7 Kd7 63. Kg4 Ke7 64. Bxg6 Ke6 65. Kh5 f3 (65... Kxe5 $17 {aiming for ...f3.} 66. f3 Kf6 67. Kxh6 Rd1) 66. Kxh6 $11 Rd2 (66... Kxe5 $2 67. Kg5 $19) 67. Kg5 Kxe5 68. Kg4 Rxf2 {( -> ...Rg2+)} 69. h5 Kd4 70. Kf4 $1 Rf1 {...f2 is the strong threat.} 71. h6 $2 {[%mdl 8192]} (71. Bf7 $11) 71... f2 72. h7 Rh1 {Accuracy: White = 44%, Black = 73%.} 0-1

[Event "ISR-chT 2019"]
[Site "Israel"]
[Date "2019.02.08"]
[Round "3.6"]
[White "Judkovsky, Yair"]
[Black "Gershkowich, David"]
[Result "1/2-1/2"]
[WhiteElo "2298"]
[BlackElo "2200"]
[Annotator "TA"]
[PlyCount "40"]
[EventDate "2019.01.04"]
[EventType "team-tourn"]
[EventCountry "ISR"]
[SourceTitle "playchess.com"]
[Source "ChessBase"]
[SourceQuality "1"]

{[%evp 14,40,25,22,33,10,14,-10,12,17,26,0,13,22,18,20,83,47,47,44,54,39,69,25,29,18,18,24,18]} 1. e4 c5 2. Nf3 d6 3. d4 cxd4 4. Nxd4 Nf6 5. Nc3 g6 6. Be2 Bg7 7. O-O O-O 8. Re1 a6 {B70: Sicilian Dragon: 6 g3 and 6 Be2 (without a later Be3)} (8... Nc6 9. Nb3 a6 10. Bf1 b5 11. a4 b4 12. Nd5 Nd7 13. a5 Rb8 14. Ra2 e6 15. Ne3 Nf6 16. Nc4 d5 17. exd5 Nxd5 18. Ne3 Nce7 19. Nxd5 Nxd5 {½-½ (66) Kramnik,V (2810)-Mamedov,R (2684) Novi Sad 2016}) 9. a4 Nc6 10. Nb3 Rb8 $146 {The position is equal.} ({Predecessor:} 10... b6 11. Bg5 Bb7 12. f4 Rc8 13. Bf3 Nd7 14. Bh4 Re8 15. Rb1 Nc5 16. Nd5 Nxa4 {1-0 (50) Onischuk,V (2601)-Mareco,S (2635) Doha 2016}) 11. Bf1 b6 12. Nd5 e6 (12... Nd7 {feels hotter.} 13. c3 e6 14. Ne3 Nf6 15. f3 Bb7) 13. Nxf6+ Bxf6 14. c3 e5 (14... Qc7 $11 {keeps the balance.}) 15. Nd2 b5 16. axb5 axb5 17. b4 Be6 18. Nb3 Qc7 19. Be3 Bg7 20. Ra3 Rfd8 {Accuracy: White = 43%, Black = 45%.} 1/2-1/2